[Event "Lindores Abbey Tal Blitz 2021"]
[Site "Riga"]
[Date "2021.11.08"]
[Round "6.11"]
[White "Sevian, Samuel"]
[Black "Oparin, Grigoriy"]
[Result "0-1"]
[WhiteElo "2668"]
[BlackElo "2659"]
[Annotator "ChessBase"]
[PlyCount "180"]
[EventDate "2021.11.02"]
[EventType "swiss"]
[EventCountry "LAT"]
[SourceTitle "playchess.com"]
[Source "ChessBase"]
[SourceQuality "1"]

1. e4 e5 2. Nf3 Nc6 3. Bc4 Nf6 4. d3 Bc5 5. O-O d6 6. c3 h6 7. Nbd2 O-O 8. h3
Bb6 9. Re1 Ne7 10. d4 Nc6 11. dxe5 Nxe5 12. Nxe5 dxe5 13. Qe2 Qe7 14. Nf3 Kh7
15. Be3 g6 16. Rad1 c6 17. a4 Nh5 18. Qd2 Bxe3 19. Rxe3 Kg7 20. Qd6 Qxd6 21.
Rxd6 Re8 22. b4 a5 23. b5 cxb5 24. Bxb5 Re7 25. Nd2 Be6 26. c4 Rc7 27. Nf3 Rc5
28. Ne1 Bxc4 29. Nd3 Bxd3 30. Rexd3 Nf4 31. Rf3 Rc7 32. h4 h5 33. g3 Ne6 34.
Rd5 Nd4 35. Rd3 Nxb5 36. Rxb5 Rc4 37. Rxb7 Rxe4 38. Rf3 Rf8 39. Ra3 Re1+ 40.
Kg2 e4 41. Rc3 Re2 42. Kf1 Ra2 43. Rc4 e3 44. fxe3 Rd8 45. Ke1 Rd6 46. Ra7 Rb6
47. Rd7 Rb1+ 48. Rd1 Rbb2 49. Kf1 Rh2 50. Kg1 Rag2+ 51. Kf1 Rxg3 52. Rd5 Rxe3
53. Rxa5 Ra3 54. Kg1 Rb2 55. Rf4 Ra1+ 56. Rf1 Raa2 57. Rf4 Rb1+ 58. Rf1 Rb4 59.
Ra7 Rg4+ 60. Kh1 Rxh4+ 61. Kg1 Rhxa4 62. Raxf7+ Kh6 63. Rf8 Rg4+ 64. Kh1 Rh4+
65. Kg1 Rhh2 66. Rh8+ Kg5 67. Rd1 Rag2+ 68. Kf1 Rh1+ 69. Kxg2 Rxd1 70. Rb8 Rd4
71. Rb6 Kf5 72. Kf3 Rd3+ 73. Ke2 Rd5 74. Kf3 g5 75. Kg3 Rd3+ 76. Kh2 h4 77.
Rb5+ Kg4 78. Rb4+ Kh5 79. Rb5 h3 80. Rb8 Kh4 81. Rb4+ g4 82. Ra4 Rd2+ 83. Kh1
Re2 84. Rb4 Kg3 85. Rb3+ Kf4 86. Rb4+ Kf3 87. Rb3+ Re3 88. Rb1 g3 89. Kg1 Rd3
90. Ra1 Ke2 0-1

[Event "Lindores Abbey Tal Blitz 2021"]
[Site "Riga"]
[Date "2021.11.08"]
[Round "6.12"]
[White "Matlakov, Maxim"]
[Black "Onyshchuk, Volodymyr"]
[Result "0-1"]
[WhiteElo "2691"]
[BlackElo "2622"]
[Annotator "ChessBase"]
[PlyCount "106"]
[EventDate "2021.11.02"]
[EventType "swiss"]
[EventCountry "LAT"]
[SourceTitle "playchess.com"]
[Source "ChessBase"]
[SourceQuality "1"]

1. e4 d6 2. d4 Nf6 3. Bd3 g6 4. Nf3 Bg7 5. O-O O-O 6. h3 Nc6 7. c3 e5 8. Re1 a5
9. Bg5 h6 10. Bh4 Re8 11. Nbd2 exd4 12. cxd4 g5 13. Bg3 Nd7 14. Bb5 Nxd4 15.
Nxd4 Bxd4 16. Nf3 Bxb2 17. Rb1 Bg7 18. h4 c6 19. Bc4 Ne5 20. Nxe5 dxe5 21. Qh5
Qe7 22. hxg5 hxg5 23. a4 Rd8 24. Red1 Rxd1+ 25. Rxd1 Be6 26. Bxe6 Qxe6 27. Qxg5
Re8 28. Rb1 Qd7 29. Bh4 b5 30. Qg3 Re6 31. axb5 cxb5 32. Qb3 b4 33. Bg5 Rg6 34.
Be3 Qg4 35. g3 Qxe4 36. Rd1 Bf6 37. Rd7 Rg7 38. Rc7 Qf5 39. Qd5 a4 40. Qa8+ Kh7
41. Qxa4 Qb1+ 42. Rc1 Qe4 43. Qb3 Kg6 44. Rc4 Qf3 45. Qxb4 Rh7 46. Rg4+ Kf5 47.
Rf4+ exf4 48. Qb1+ Qe4 49. g4+ Ke5 50. Qb5+ Ke6 51. Qe8+ Be7 52. Qc8+ Kf6 53.
Qc3+ Kg6 0-1

[Event "Lindores Abbey Tal Blitz 2021"]
[Site "Riga"]
[Date "2021.11.08"]
[Round "6.14"]
[White "Ponkratov, Pavel"]
[Black "Predke, Alexandr"]
[Result "0-1"]
[WhiteElo "2662"]
[BlackElo "2668"]
[Annotator "ChessBase"]
[PlyCount "68"]
[EventDate "2021.11.02"]
[EventType "swiss"]
[EventCountry "LAT"]
[SourceTitle "playchess.com"]
[Source "ChessBase"]
[SourceQuality "1"]

1. e4 e5 2. Nc3 Nf6 3. f4 d5 4. fxe5 Nxe4 5. Qf3 Nc6 6. Bb5 Nxc3 7. dxc3 Be7 8.
Bf4 O-O 9. O-O-O Bg5 10. h4 Bxf4+ 11. Qxf4 Qe7 12. Nf3 Be6 13. h5 h6 14. g4 f6
15. Bxc6 bxc6 16. Nh4 fxe5 17. Qxe5 Qg5+ 18. Qxg5 hxg5 19. Ng6 Bxg4 20. Rdg1
Bf3 21. Nxf8 Bxh1 22. Ne6 Be4 23. Rxg5 Kf7 24. Nxg7 Kf6 25. Rg3 Rh8 26. Kd2 c5
27. b3 Kf7 28. Rg5 Rh7 29. Nf5 Kf6 30. Rg6+ Kxf5 31. Rc6 Rxh5 32. Rxc5 Kf4 33.
Rxc7 Rh2+ 34. Kd1 Ke3 0-1

[Event "Lindores Abbey Tal Blitz 2021"]
[Site "Riga"]
[Date "2021.11.08"]
[Round "6.15"]
[White "Vachier-Lagrave, Maxime"]
[Black "Vokhidov, Shamsiddin"]
[Result "1-0"]
[WhiteElo "2766"]
[BlackElo "2521"]
[Annotator "TA"]
[PlyCount "163"]
[EventDate "2021.11.02"]
[EventType "swiss"]
[EventCountry "LAT"]
[SourceTitle "playchess.com"]
[Source "ChessBase"]
[SourceQuality "1"]

1. Nf3 c5 2. e4 d6 3. d4 cxd4 4. Nxd4 Nf6 5. Nc3 Nc6 6. h3 e5 7. Nf3 h6 8. Bc4
Be6 9. Bb3 Be7 10. O-O O-O 11. Qe2 Na5 12. Rd1 Qc7 13. Nd5 Nxd5 14. Bxd5 Rac8
15. c3 Nc4 16. b3 Nb6 17. Bxe6 fxe6 18. c4 Nd7 19. Ba3 Rf4 20. g3 Rf7 21. Rd3
Nc5 22. Bxc5 Qxc5 23. Rad1 a6 24. Kg2 Rcf8 25. h4 Qc6 26. Rf1 Bd8 27. Nh2 Bb6
28. f3 Bd4 29. h5 b5 30. cxb5 axb5 31. Ng4 Ra8 32. Rfd1 Rfa7 33. R1d2 Qc1 34.
f4 Qg1+ 35. Kh3 Qh1+ 36. Nh2 Qb1 37. Nf3 Qh1+ 38. Kg4 g6 39. Qh2 gxh5+ 40. Kxh5
Qxh2+ 41. Rxh2 Bc5 42. fxe5 dxe5 43. Nxe5 Rg7 44. Kh4 Rf8 45. Rc2 Be7+ 46. Kh3
Rg5 47. Nc6 Bc5 48. b4 Bf2 49. Kg2 Bb6 50. Ne7+ Kh7 51. Nc8 Bd8 52. Rd7+ Kg6
53. Rc6 Re5 54. Nd6 Bf6 55. Rc2 Ra8 56. Re2 Ra4 57. Nf7 Rh5 58. e5 Bg7 59. Re7
Rxb4 60. Rf2 Rf5 61. Rxf5 exf5 62. Nd6 Rb2+ 63. Kf3 Rxa2 64. Re6+ Kh7 65. Nxf5
Ra3+ 66. Ke4 Bf8 67. Rb6 b4 68. e6 Ra1 69. Rb7+ Kg6 70. e7 Bxe7 71. Nxe7+ Kg5
72. Kf3 Ra3+ 73. Kg2 b3 74. Rb5+ Kf6 75. Nd5+ Ke5 76. Ne3+ Ke4 77. Nc4 Ra2+ 78.
Kh3 Kd4 79. Nb6 b2 80. Rb3 Kc5 81. Rxb2 Ra6 82. Kh4 1-0

[Event "Lindores Abbey Tal Blitz 2021"]
[Site "Riga"]
[Date "2021.11.08"]
[Round "6.16"]
[White "Jobava, Baadur"]
[Black "Sargissian, Gabriel"]
[Result "0-1"]
[WhiteElo "2582"]
[BlackElo "2664"]
[Annotator "ChessBase"]
[PlyCount "66"]
[EventDate "2021.11.02"]
[EventType "swiss"]
[EventCountry "LAT"]
[SourceTitle "playchess.com"]
[Source "ChessBase"]
[SourceQuality "1"]

1. e4 e5 2. d4 exd4 3. Nf3 Nc6 4. Nxd4 Qf6 5. Nb3 Qg6 6. Nc3 Bb4 7. Bd2 Bxc3 8.
Bxc3 Nf6 9. f3 O-O 10. Qd2 d5 11. exd5 Re8+ 12. Kf2 Ne7 13. Bc4 Bf5 14. Rhe1
Rad8 15. Re5 Nd7 16. Rxe7 Rxe7 17. g4 Bxc2 18. Nd4 Nb6 19. b3 Nxc4 20. bxc4 Bd3
21. Rd1 Bxc4 22. Nf5 Ree8 23. Qd4 Rxd5 24. Qxa7 Qb6+ 25. Qxb6 cxb6 26. Rb1 b5
27. a4 Re2+ 28. Kg3 Rd3 29. Bxg7 Bd5 30. Rxb5 Rxf3+ 31. Kh4 Bc6 32. Re5 Rxh2+
33. Kg5 Rxf5+ 0-1

[Event "Lindores Abbey Tal Blitz 2021"]
[Site "Riga"]
[Date "2021.11.08"]
[Round "6.17"]
[White "Korobov, Anton"]
[Black "Esipenko, Andrey"]
[Result "1/2-1/2"]
[WhiteElo "2684"]
[BlackElo "2713"]
[Annotator "TA"]
[PlyCount "120"]
[EventDate "2021.11.02"]
[EventType "swiss"]
[EventCountry "LAT"]
[SourceTitle "playchess.com"]
[Source "ChessBase"]
[SourceQuality "1"]

1. d4 Nf6 2. c4 e6 3. Nf3 d5 4. Nc3 Nbd7 5. Bf4 dxc4 6. e3 Bd6 7. Bxd6 cxd6 8.
Bxc4 Nb6 9. Bd3 Bd7 10. O-O Bc6 11. e4 O-O 12. Qe2 Qe7 13. Rad1 Rfd8 14. Rfe1
Rac8 15. h3 h6 16. Qe3 d5 17. e5 Ne4 18. Bxe4 Nc4 19. Qe2 dxe4 20. Nxe4 Bxe4
21. Qxe4 Nb6 22. Rc1 Nd5 23. a3 Qd7 24. Qd3 Nf4 25. Qd2 Nd5 26. Nh2 Rxc1 27.
Rxc1 Rc8 28. Nf1 Rc6 29. Ne3 Rxc1+ 30. Qxc1 Nf4 31. Qd2 Qxd4 32. Qxd4 Ne2+ 33.
Kf1 Nxd4 34. Nc4 g5 35. Nd6 b6 36. g3 Kg7 37. f4 gxf4 38. gxf4 Kg6 39. Kf2 f6
40. Ke3 Nc6 41. f5+ exf5 42. e6 Kg5 43. Nc8 f4+ 44. Kf2 Kg6 45. Kf3 Nd4+ 46.
Ke4 Nxe6 47. Nxa7 f5+ 48. Kf3 Kg5 49. Nc6 Kh4 50. a4 Kxh3 51. b4 Kh4 52. a5
bxa5 53. bxa5 Kg5 54. a6 Nc7 55. a7 h5 56. Nd4 Kf6 57. Kxf4 Nd5+ 58. Kf3 Nc7
59. Nb5 Na8 60. Kf4 Ke6 1/2-1/2

[Event "Lindores Abbey Tal Blitz 2021"]
[Site "Riga"]
[Date "2021.11.08"]
[Round "6.18"]
[White "Henriquez Villagra, Cristobal"]
[Black "Ponomariov, Ruslan"]
[Result "0-1"]
[WhiteElo "2608"]
[BlackElo "2633"]
[Annotator "ChessBase"]
[PlyCount "161"]
[EventDate "2021.11.02"]
[EventType "swiss"]
[EventCountry "LAT"]
[SourceTitle "playchess.com"]
[Source "ChessBase"]
[SourceQuality "1"]

1. d4 d5 2. Bf4 Nf6 3. Nf3 e6 4. Nbd2 Bd6 5. Bg5 Nbd7 6. e4 dxe4 7. Nxe4 h6 8.
Nxd6+ cxd6 9. Bf4 Qb6 10. Bd3 Qxb2 11. O-O Qb6 12. Rb1 Qc7 13. c4 b6 14. c5
bxc5 15. dxc5 Nxc5 16. Bb5+ Ke7 17. Re1 Rd8 18. Nd4 Kf8 19. Nc6 Bb7 20. Nxd8
Rxd8 21. f3 Nd5 22. Bd2 Bc6 23. Qc2 Rc8 24. Bf1 Kg8 25. Rec1 Ba4 26. Qc4 a6 27.
Qg4 Kf8 28. Kh1 Qd7 29. Be1 Bb5 30. Bxb5 axb5 31. Bf2 Nd3 32. Rxc8+ Qxc8 33.
Bg1 Qc6 34. Qd4 Nc5 35. Qb2 b4 36. Qc2 Qb5 37. Qh7 Qe2 38. Qh8+ Ke7 39. Qxg7
Qxa2 40. Ra1 Qd2 41. Ra7+ Nd7 42. Rb7 e5 43. Qg4 N5f6 44. Qxb4 Qd1 45. Qb1 Qd5
46. Ra7 Ke6 47. Qa2 Qxa2 48. Rxa2 h5 49. Bf2 Nd5 50. Kg1 f5 51. Kf1 Nf4 52. Ra6
Nd3 53. Be3 f4 54. Bd2 N3c5 55. Ra8 Nf6 56. Bb4 Ncd7 57. Rh8 d5 58. Ba5 d4 59.
Bd8 Kf5 60. Bxf6 Nxf6 61. Rf8 Ke6 62. Ke2 Ke7 63. Rh8 Ke6 64. Kd3 Kd6 65. Kc4
Ke6 66. Ra8 Kf5 67. Ra7 Ke6 68. Rb7 Kf5 69. Re7 Ng8 70. Rh7 Nf6 71. Rh8 Ke6 72.
h4 Kd6 73. Rf8 Ke7 74. Ra8 Ke6 75. Ra6+ Kf5 76. Kc5 d3 77. Kc4 e4 78. Ra5+ Ke6
79. fxe4 d2 80. Ra1 Nxe4 81. Kd3 0-1

[Event "Lindores Abbey Tal Blitz 2021"]
[Site "Riga"]
[Date "2021.11.08"]
[Round "6.19"]
[White "Saric, Ivan"]
[Black "Zvjaginsev, Vadim"]
[Result "1/2-1/2"]
[WhiteElo "2665"]
[BlackElo "2609"]
[Annotator "ChessBase"]
[PlyCount "44"]
[EventDate "2021.11.02"]
[EventType "swiss"]
[EventCountry "LAT"]
[SourceTitle "playchess.com"]
[Source "ChessBase"]
[SourceQuality "1"]

1. e4 c5 2. Nf3 Nc6 3. Bb5 g6 4. Bxc6 bxc6 5. O-O Bg7 6. Re1 e5 7. c3 Ne7 8. d4
cxd4 9. cxd4 exd4 10. Nxd4 O-O 11. Nc3 Rb8 12. Nb3 d5 13. Bg5 Rb7 14. exd5 cxd5
15. Rxe7 Rxe7 16. Nxd5 Re1+ 17. Qxe1 Qxd5 18. Qd2 Qxd2 19. Bxd2 Bxb2 20. Rb1
Bg7 21. Be3 Be6 22. Bxa7 Ra8 1/2-1/2

[Event "Lindores Abbey Tal Blitz 2021"]
[Site "Riga"]
[Date "2021.11.08"]
[Round "6.20"]
[White "Hovhannisyan, Robert"]
[Black "Bartel, Mateusz"]
[Result "1/2-1/2"]
[WhiteElo "2622"]
[BlackElo "2619"]
[Annotator "ChessBase"]
[PlyCount "114"]
[EventDate "2021.11.02"]
[EventType "swiss"]
[EventCountry "LAT"]
[SourceTitle "playchess.com"]
[Source "ChessBase"]
[SourceQuality "1"]

1. e4 e5 2. Nf3 Nc6 3. Nc3 Nf6 4. d4 exd4 5. Nxd4 Bb4 6. Nxc6 bxc6 7. Bd3 O-O
8. O-O d5 9. exd5 cxd5 10. Bg5 c6 11. Qf3 Rb8 12. h3 Bd6 13. b3 h6 14. Bxf6
Qxf6 15. Qxf6 gxf6 16. Ne2 Re8 17. Ng3 Kf8 18. Nf5 Bxf5 19. Bxf5 Re5 20. Bd3
Bb4 21. f4 Re3 22. Kh2 Ke7 23. Rf2 Kd6 24. Raf1 Rbe8 25. Rf3 Kc5 26. Kg3 Rg8+
27. Kf2 Re7 28. Rg3 Rge8 29. Rg7 Be1+ 30. Kg1 Kd4 31. Kh2 Bd2 32. Rf3 Re3 33.
Kg3 h5 34. Rxe3 Rxe3+ 35. Kh4 Be1+ 36. Kxh5 Bg3 37. Rxf7 c5 38. Rxf6 c4 39.
bxc4 dxc4 40. Bh7 Re2 41. Kg4 Be1 42. g3 Re3 43. Rd6+ Kc3 44. Rd7 Rxg3+ 45. Kf5
Rxh3 46. Ke6 Re3+ 47. Kd5 Rf3 48. Ke4 Rf1 49. Rc7 Bg3 50. Rxa7 Rxf4+ 51. Kd5
Rh4 52. a4 Rh5+ 53. Kc6 Kb4 54. Be4 Rh6+ 55. Kb7 Bf2 56. Ra6 Rxa6 57. Kxa6 Kxa4
1/2-1/2

[Event "Lindores Abbey Tal Blitz 2021"]
[Site "Riga"]
[Date "2021.11.08"]
[Round "6.21"]
[White "Dreev, Aleksey"]
[Black "Petrosyan, Manuel"]
[Result "1-0"]
[WhiteElo "2635"]
[BlackElo "2599"]
[Annotator "ChessBase"]
[PlyCount "204"]
[EventDate "2021.11.02"]
[EventType "swiss"]
[EventCountry "LAT"]
[SourceTitle "playchess.com"]
[Source "ChessBase"]
[SourceQuality "1"]

1. d4 d6 2. Nf3 Nf6 3. g3 g6 4. Bg2 Bg7 5. O-O O-O 6. b3 Ne4 7. Bb2 c5 8. c4
Nc6 9. Nbd2 f5 10. e3 Nxd2 11. Qxd2 e5 12. dxc5 dxc5 13. Qd5+ Kh8 14. Qxc5 e4
15. Rad1 Qe8 16. Bxg7+ Kxg7 17. Nd4 Ne5 18. f3 exf3 19. Nxf3 Ng4 20. Rfe1 Nf6
21. Qe5 Qxe5 22. Nxe5 Re8 23. Nd3 a5 24. Nc5 Ra7 25. Rd6 Re5 26. Na4 b5 27.
cxb5 Rxb5 28. Rc1 Bd7 29. Rc5 Rb4 30. Nb6 a4 31. Bd5 axb3 32. Bxb3 Ne4 33.
Rxd7+ Rxd7 34. Nxd7 Nxc5 35. Nxc5 Kf6 36. Kf2 Rb5 37. Nd3 g5 38. Ke2 h5 39. Kd2
h4 40. gxh4 gxh4 41. Nf4 Rb8 42. h3 Ke5 43. Kd3 Rd8+ 44. Bd5 Rb8 45. a4 Rb1 46.
Bc6 Rd1+ 47. Ke2 Ra1 48. Bb5 Ke4 49. Bc6+ Ke5 50. Ng6+ Kd6 51. Bb5 Rh1 52. Nxh4
Ke6 53. Bc4+ Kf6 54. Nf3 Rxh3 55. a5 Rh1 56. a6 Ra1 57. Kd3 Ke7 58. Kd4 Kd6 59.
Nh4 Ra5 60. Ng6 Kc6 61. Ne5+ Kd6 62. Nd3 Kc6 63. Nb4+ Kd6 64. Nd5 Kc6 65. Ne7+
Kd6 66. Ng6 Kc6 67. Nf4 Kd6 68. Bd3 Ra4+ 69. Kc3 Kc5 70. Kd2 Kd6 71. Ke2 Ke5
72. Kf3 Ra3 73. Bc4 Ra4 74. Bd3 Ra3 75. Kg3 Ra1 76. Kh4 Re1 77. Be2 Ra1 78. Kg3
Rg1+ 79. Kf2 Ra1 80. Bd3 Ra2+ 81. Ne2 Ra3 82. Bb5 Ra2 83. Kf3 Ra1 84. Nd4 Kf6
85. Bd3 Ra3 86. Ke2 Ra2+ 87. Kd1 Ra3 88. Kd2 Ra2+ 89. Kc3 Ra3+ 90. Kc2 Ke5 91.
Nxf5 Kd5 92. Nd4 Kc5 93. Kd2 Kd5 94. Ke2 Ke5 95. Bc4 Ke4 96. Kd2 Rxe3 97. Nc2
Rh3 98. a7 Rh8 99. Ba6 Rd8+ 100. Kc3 Kd5 101. Nd4 Kd6 102. Bb7 Kd7 1-0

[Event "Lindores Abbey Tal Blitz 2021"]
[Site "Riga"]
[Date "2021.11.08"]
[Round "6.22"]
[White "Ter-Sahakyan, Samvel"]
[Black "Movsesian, Sergei"]
[Result "1/2-1/2"]
[WhiteElo "2615"]
[BlackElo "2618"]
[Annotator "ChessBase"]
[PlyCount "119"]
[EventDate "2021.11.02"]
[EventType "swiss"]
[EventCountry "LAT"]
[SourceTitle "playchess.com"]
[Source "ChessBase"]
[SourceQuality "1"]

1. d4 Nf6 2. Nf3 e6 3. c4 Bb4+ 4. Nbd2 a5 5. g3 b6 6. Bg2 Bb7 7. O-O O-O 8. a3
Be7 9. b3 d5 10. Bb2 c5 11. cxd5 Nxd5 12. dxc5 Bxc5 13. Ne4 Be7 14. Qd4 f6 15.
Rfd1 Nc6 16. Qd2 Qe8 17. Nc3 Rd8 18. Nxd5 Rxd5 19. Qc2 Rc5 20. Qd2 Rd5 21. Qc3
Rc5 22. Qe3 e5 23. Nd2 Qc8 24. Ne4 Rc2 25. Rd2 Rxd2 26. Qxd2 Rd8 27. Qc2 Nd4
28. Qxc8 Bxc8 29. Bxd4 Rxd4 30. e3 Rd8 31. Bf1 Kf8 32. Bc4 h5 33. h4 Bf5 34.
Nc3 g5 35. e4 Bg4 36. hxg5 fxg5 37. Nd5 Bc5 38. b4 Bd4 39. Re1 axb4 40. axb4
Ra8 41. b5 Ra3 42. Kg2 Bf3+ 43. Kf1 h4 44. gxh4 gxh4 45. Ne3 Rc3 46. Be2 Bxe4
47. Bg4 Bd3+ 48. Kg2 Bxb5 49. Nf5 Bc6+ 50. f3 h3+ 51. Kxh3 Bxf3 52. Bxf3 Rxf3+
53. Kg4 Rf4+ 54. Kg5 Rf2 55. Rd1 b5 56. Nxd4 exd4 57. Rxd4 Rf7 58. Rb4 Rb7 59.
Kf5 Ke7 60. Ke4 1/2-1/2

[Event "Lindores Abbey Tal Blitz 2021"]
[Site "Riga"]
[Date "2021.11.08"]
[Round "6.24"]
[White "Ganguly, Surya Shekhar"]
[Black "Fedoseev, Vladimir"]
[Result "1-0"]
[WhiteElo "2633"]
[BlackElo "2704"]
[Annotator "TA"]
[PlyCount "62"]
[EventDate "2021.11.02"]
[EventType "swiss"]
[EventCountry "LAT"]
[SourceTitle "playchess.com"]
[Source "ChessBase"]
[SourceQuality "1"]

1. e4 c5 2. Nf3 d6 3. d4 cxd4 4. Nxd4 Nf6 5. Nc3 a6 6. a3 b6 7. Nd5 e6 8. Nxf6+
Qxf6 9. Be3 Bb7 10. Qd2 Bxe4 11. O-O-O Nd7 12. Bc4 Be7 13. f3 Bb7 14. g4 Ne5
15. Be2 Qg6 16. f4 Bxh1 17. Rxh1 Rd8 18. fxe5 dxe5 19. Bd3 Qxg4 20. Rg1 Qh4 21.
Nc6 Rd6 22. Nxe7 Qxe7 23. Qg2 g6 24. Bh6 f6 25. Qa8+ Rd8 26. Qxa6 Qc7 27. Bd2
Kf7 28. Rf1 Kg7 29. Kb1 Rd5 30. Qa4 Rhd8 31. Qh4 Qe7 1-0

[Event "Lindores Abbey Tal Blitz 2021"]
[Site "Riga"]
[Date "2021.11.08"]
[Round "6.26"]
[White "Rakhmanov, Aleksandr"]
[Black "Swiercz, Dariusz"]
[Result "0-1"]
[WhiteElo "2650"]
[BlackElo "2647"]
[Annotator "ChessBase"]
[PlyCount "80"]
[EventDate "2021.11.02"]
[EventType "swiss"]
[EventCountry "LAT"]
[SourceTitle "playchess.com"]
[Source "ChessBase"]
[SourceQuality "1"]

1. d4 Nf6 2. c4 g6 3. Nc3 Bg7 4. e4 d6 5. h3 e5 6. d5 a5 7. Bd3 Na6 8. Nge2 Nc5
9. Bc2 Bd7 10. Be3 c6 11. dxc6 Bxc6 12. f3 O-O 13. Qd2 Qc7 14. h4 Ne6 15. Rd1
Rad8 16. Kf2 Nh5 17. g3 f5 18. exf5 gxf5 19. Bg5 Rde8 20. Nd5 Qf7 21. Kg2 b5
22. cxb5 Bxb5 23. Ndc3 Bc6 24. Ba4 Bxa4 25. Nxa4 Nd4 26. Nac3 f4 27. g4 Ng3 28.
Nxg3 fxg3 29. Rhf1 Qb7 30. Qd3 Rc8 31. Rd2 d5 32. Qe3 Qc6 33. h5 h6 34. Bh4 Rf7
35. Bxg3 Rcf8 36. Rdf2 Ne6 37. Qd2 Rd7 38. Re1 Ng5 39. Bxe5 d4 40. Bxg7 Rxf3
0-1

[Event "Lindores Abbey Tal Blitz 2021"]
[Site "Riga"]
[Date "2021.11.08"]
[Round "6.27"]
[White "Jumabayev, Rinat"]
[Black "Nihal Sarin"]
[Result "0-1"]
[WhiteElo "2658"]
[BlackElo "2650"]
[Annotator "ChessBase"]
[PlyCount "136"]
[EventDate "2021.11.02"]
[EventType "swiss"]
[EventCountry "LAT"]
[SourceTitle "playchess.com"]
[Source "ChessBase"]
[SourceQuality "1"]

1. Nf3 d5 2. g3 Nc6 3. d4 Bf5 4. Bg2 Nb4 5. Na3 e6 6. c3 Nc6 7. Nc2 h6 8. O-O
Nf6 9. Ne3 Bh7 10. c4 Be4 11. b3 Be7 12. Bb2 O-O 13. Rc1 a5 14. Bh3 a4 15. bxa4
dxc4 16. Nxc4 Bd5 17. Nfd2 Na5 18. Ne5 Nc6 19. Nd3 Bxa2 20. Bg2 Nxd4 21. Bxb7
Rb8 22. Bg2 c5 23. Bxd4 cxd4 24. Ne5 Rb2 25. Ndc4 Bxc4 26. Nxc4 Rb4 27. Ne5 Rb2
28. Nc6 Qd6 29. Rc4 e5 30. a5 Bd8 31. a6 Bb6 32. a7 Ra8 33. Ra4 e4 34. Nxd4
Rxa7 35. Rxa7 Bxa7 36. e3 Bxd4 37. exd4 Rb4 38. d5 Qxd5 39. Qc2 Rd4 40. Qe2 g6
41. h4 h5 42. Re1 Kg7 43. Qe3 Qd6 44. Qg5 Rd5 45. Qe3 Re5 46. Qf4 Qe7 47. Re2
Nd5 48. Qc1 Nf6 49. Qc3 Kg8 50. Qd4 Rd5 51. Qa1 Qd6 52. Re1 Rd4 53. Qc3 Qd5 54.
Qc1 Kg7 55. Qf4 Qf5 56. Qxf5 gxf5 57. Bh3 Kg6 58. Rc1 Nd5 59. Rc6+ f6 60. Rc8
Rd1+ 61. Kg2 Rd2 62. Kg1 f4 63. Be6 e3 64. fxe3 fxe3 65. Rc1 Nb4 66. Bc4 f5 67.
Rf1 Kf6 68. Rf3 Nc2 0-1

[Event "Lindores Abbey Tal Blitz 2021"]
[Site "Riga"]
[Date "2021.11.08"]
[Round "6.28"]
[White "Durarbayli, Vasif"]
[Black "Cheparinov, Ivan"]
[Result "0-1"]
[WhiteElo "2629"]
[BlackElo "2677"]
[Annotator "ChessBase"]
[PlyCount "86"]
[EventDate "2021.11.02"]
[EventType "swiss"]
[EventCountry "LAT"]
[SourceTitle "playchess.com"]
[Source "ChessBase"]
[SourceQuality "1"]

1. e4 e5 2. Nc3 Nf6 3. d4 exd4 4. Qxd4 Nc6 5. Qd3 d5 6. Bg5 dxe4 7. Qxd8+ Nxd8
8. Bxf6 gxf6 9. Nxe4 Be7 10. O-O-O Be6 11. Ne2 f5 12. N4c3 Nc6 13. Nd5 Bd6 14.
Nec3 O-O-O 15. g3 Ne5 16. Bh3 Ng4 17. Rd2 Bc5 18. Bxg4 fxg4 19. Rhd1 c6 20. Ne4
Rxd5 21. Rxd5 Bxd5 22. Nxc5 Re8 23. Rd4 Re2 24. Nd3 f5 25. Nf4 Rxf2 26. Nxd5
cxd5 27. Rxd5 Kc7 28. Rd2 Rf1+ 29. Rd1 Rf3 30. a4 h5 31. a5 f4 32. Rd5 Rf1+ 33.
Kd2 Rf2+ 34. Kd3 Rxh2 35. gxf4 g3 36. Rg5 g2 37. f5 Kd6 38. Ke4 h4 39. Rg6+ Ke7
40. Ke5 h3 41. f6+ Kf8 42. Ke6 Rh1 43. Rh6 Re1+ 0-1

[Event "Lindores Abbey Tal Blitz 2021"]
[Site "Riga"]
[Date "2021.11.08"]
[Round "6.29"]
[White "Kravtsiv, Martyn"]
[Black "Sadhwani, Raunak"]
[Result "1-0"]
[WhiteElo "2616"]
[BlackElo "2609"]
[Annotator "ChessBase"]
[PlyCount "79"]
[EventDate "2021.11.02"]
[EventType "swiss"]
[EventCountry "LAT"]
[SourceTitle "playchess.com"]
[Source "ChessBase"]
[SourceQuality "1"]

1. e4 e5 2. Nf3 Nc6 3. Nc3 g6 4. Bc4 Bg7 5. a4 d6 6. d3 Nge7 7. h4 h6 8. Be3 a6
9. Qd2 Bg4 10. Nd5 f5 11. Nh2 Bh5 12. f3 f4 13. Bf2 Nxd5 14. Bxd5 Bf6 15. O-O-O
Qd7 16. Kb1 Ne7 17. Bb3 a5 18. d4 Nc6 19. d5 Ne7 20. Nf1 b5 21. axb5 Qxb5 22.
Qd3 Qd7 23. g4 fxg3 24. Nxg3 a4 25. Bc4 Kf7 26. Be1 Rhb8 27. Bc3 Rb6 28. Rdf1
Rab8 29. Kc1 Ng8 30. Rhg1 Ke7 31. Qe3 Qe8 32. Nxh5 gxh5 33. Rg2 Qf7 34. Rfg1
Rf8 35. Kb1 Kd8 36. Ba5 Rb7 37. Ba6 Rb8 38. Qa7 Rc8 39. Bxc8 Kxc8 40. Rxg8 1-0

[Event "Lindores Abbey Tal Blitz 2021"]
[Site "Riga"]
[Date "2021.11.08"]
[Round "6.30"]
[White "Sjugirov, Sanan"]
[Black "Donchenko, Alexander"]
[Result "1-0"]
[WhiteElo "2663"]
[BlackElo "2645"]
[Annotator "ChessBase"]
[PlyCount "71"]
[EventDate "2021.11.02"]
[EventType "swiss"]
[EventCountry "LAT"]
[SourceTitle "playchess.com"]
[Source "ChessBase"]
[SourceQuality "1"]

1. e4 c6 2. d4 d5 3. e5 Bf5 4. Nd2 e6 5. Nb3 Nd7 6. Nf3 a6 7. Be2 c5 8. c3 h6
9. O-O c4 10. Nbd2 b5 11. g3 Ne7 12. Nh4 Bh3 13. Ng2 Nf5 14. Nf3 Be7 15. Re1 g5
16. Ne3 Nxe3 17. Bxe3 Bf5 18. Qd2 g4 19. Nh4 Bxh4 20. gxh4 Qxh4 21. a4 Be4 22.
Bf1 bxa4 23. Rxa4 Nf8 24. Bf4 Ng6 25. Bg3 Qd8 26. Rxe4 dxe4 27. Bg2 Qd5 28. Qe2
Qb5 29. Rb4 Qa5 30. Bxe4 Rc8 31. Bxg6 fxg6 32. Qxg4 Qd5 33. Qxg6+ Kd8 34. Qf6+
Kd7 35. Qf7+ Kd8 36. Bh4# 1-0

[Event "Lindores Abbey Tal Blitz 2021"]
[Site "Riga"]
[Date "2021.11.08"]
[Round "6.31"]
[White "Grandelius, Nils"]
[Black "Ernst, Sipke"]
[Result "1-0"]
[WhiteElo "2669"]
[BlackElo "2532"]
[Annotator "ChessBase"]
[PlyCount "53"]
[EventDate "2021.11.02"]
[EventType "swiss"]
[EventCountry "LAT"]
[SourceTitle "playchess.com"]
[Source "ChessBase"]
[SourceQuality "1"]

1. Nf3 d5 2. g3 c6 3. Bg2 Bg4 4. h3 Bh5 5. O-O Nd7 6. c4 e6 7. cxd5 exd5 8. d4
Ngf6 9. Ne5 Be7 10. f4 h6 11. g4 Bg6 12. Nxg6 fxg6 13. Qd3 Kf7 14. Nc3 Bb4 15.
g5 Bxc3 16. bxc3 Ne4 17. Bxe4 dxe4 18. Qc4+ Ke8 19. Qe6+ Qe7 20. Qxg6+ Kd8 21.
Rb1 Kc7 22. Rb3 hxg5 23. fxg5 Raf8 24. Bf4+ Kc8 25. Kg2 Nb6 26. Bd6 Qd7 27.
Rxf8+ 1-0

[Event "Lindores Abbey Tal Blitz 2021"]
[Site "Riga"]
[Date "2021.11.08"]
[Round "6.32"]
[White "Moussard, Jules"]
[Black "Sethuraman, S.P.."]
[Result "0-1"]
[WhiteElo "2632"]
[BlackElo "2620"]
[Annotator "ChessBase"]
[PlyCount "162"]
[EventDate "2021.11.02"]
[EventType "swiss"]
[EventCountry "LAT"]
[SourceTitle "playchess.com"]
[Source "ChessBase"]
[SourceQuality "1"]

1. f4 d5 2. Nf3 Nf6 3. g3 c6 4. Bg2 Qb6 5. e3 g6 6. O-O Bg7 7. b3 Ne4 8. c3 Bg4
9. Qe1 Nd7 10. d3 Nd6 11. Nh4 Nc5 12. Qd2 Qa6 13. h3 Bd7 14. Rd1 Nxb3 15. axb3
Qxa1 16. Bb2 Qa5 17. Nf3 Qb6 18. Kh2 Qxb3 19. Ne5 Rd8 20. Qc1 Qb6 21. c4 dxc4
22. dxc4 c5 23. Nc3 Bxe5 24. fxe5 Nxc4 25. Ba1 Be6 26. Nd5 Bxd5 27. Bxd5 Rxd5
28. Rxd5 Qa6 29. Rxc5 b5 30. Bd4 O-O 31. Rc7 Qe6 32. Rc5 a6 33. Qa1 Rb8 34. Qa2
a5 35. Rc7 a4 36. Ra7 h5 37. Qc2 Kh7 38. Qe4 a3 39. Bc5 Re8 40. Bxa3 Nxe5 41.
Qg2 Nc4 42. Bc5 Nxe3 43. Qf3 Nd5 44. Bf2 b4 45. Rb7 Rc8 46. Rb5 Rd8 47. Rb7 Rd7
48. Rb5 Qc6 49. Qxf7+ Kh6 50. Rb8 Qf6 51. Qxf6 exf6 52. Bc5 Rc7 53. Bf8+ Kg5
54. Rb5 Rd7 55. Bxb4 Kf5 56. Bd2 Ke4 57. Kg2 Rc7 58. Rb2 g5 59. Ra2 Rc4 60. Ba5
Rc6 61. Bd8 Rc8 62. Ba5 Ra8 63. Ra1 f5 64. Re1+ Ne3+ 65. Kf2 f4 66. gxf4 gxf4
67. Ra1 Kf5 68. Bc3 Rc8 69. Ra5+ Ke4 70. Ra4+ Nc4 71. Bf6 Rc6 72. Bg5 f3 73. h4
Rc5 74. Ra8 Ne5 75. Ra4+ Kd5 76. Be3 Rc2+ 77. Kf1 Ng4 78. Bg5 f2 79. Bf4 Rb2
80. Ra1 Ke4 81. Bg5 Nh2+ 0-1